Сибирь как колония: в географическом, этнографическом и историческом отношении

Bibliografske podrobnosti
Glavni avtor: Ядринцев Н. М. Николай Михайлович
Izvleček:Текст в русской дореформенной орфографии
Jezik:ruščina
Izdano: Санкт-Петербург, Издание И. М. Сибирякова, 1892
Izdaja:Изд. 2-ое, испр. и доп.
Teme:
Format: Knjiga
KOHA link:https://koha.lib.tpu.ru/cgi-bin/koha/opac-detail.pl?biblionumber=351280

MARC

LEADER 00000nam0a2200000 4500
001 351280
005 20231102010404.0
035 |a (RuTPU)RU\TPU\retro\6270 
035 |a RU\TPU\book\350012 
090 |a 351280 
100 |a 20190528d1892 km y0rusy50 ca 
101 0 |a rus 
102 |a RU 
105 |a ac z 001zy 
200 1 |a Сибирь как колония  |e в географическом, этнографическом и историческом отношении  |f Н. М. Ядринцев 
205 |a Изд. 2-ое, испр. и доп. 
210 |a Санкт-Петербург  |c Издание И. М. Сибирякова  |d 1892 
215 |a XVI, 720 с.  |c ил. 
300 |a Текст в русской дореформенной орфографии 
316 |5 63413507: 72//218  |a На переднем форзаце владельческий экслибрис библиотеки ТТИ 
316 |5 63413507: 72//218  |a На корешке черная кожаная наклейка с золотым тиснением 
317 |5 63413507: 72//218  |a Поступила в НТБ в 1900 г. в составе книжного собрания С. Н. Кулибина 
320 |a Библиогр. в тексте 
510 1 |a La Siberie comme Colonie  |e considere sous le rapport geographique, ethnographique et historique  |z fre 
517 1 |a Сибирь какъ колонiя  |e въ географическомъ, этнографическомъ и историческомъ отношенiи  |z chu 
606 1 |a Сибирь  |x История  |2 stltpush  |3 (RuTPU)RU\TPU\subj\67153  |9 83036 
610 1 |a география 
610 1 |a население 
610 1 |a колонизация 
610 1 |a экономика 
610 1 |a ссыльные 
610 1 |a управление 
610 1 |a образование 
610 1 |a библиотека С. Н. Кулибина 
610 1 |a владельческие знаки 
610 1 |a экслибрисы 
686 |a Т3(253)  |v LBC/SL-A  |2 rubbk 
700 1 |a Ядринцев  |b Н. М.  |c российский публицист  |c общественный деятель  |f 1842-1894  |g Николай Михайлович  |2 stltpush  |3 (RuTPU)RU\TPU\pers\11511  |9 2705 
801 1 |a RU  |b 63413507  |c 20161115 
801 2 |a RU  |b 63413507  |c 20190528  |g RCR 
942 |c BK